Možnosti investovania na trhu drahých kovov bakalárska práca

Na minha lista:
Detalhes bibliográficos
Autor principal: Kajanová, Mária
Autor Corporativo: Národohospodárska fakulta EU. Katedra bankovníctva a medzinárodných financií
Outros Autores: Hudcovský, Jaroslav
Formato: Livro
Idioma:eslovaco
Publicado em: Bratislava 2016
Tags: Adicionar Tag
Sem tags, seja o primeiro a adicionar uma tag!

MARC

LEADER 00000nbm a2200000 4500
001 0219749
005 20161121135310.1
041 0 |a slo 
044 |a SK 
245 1 0 |a Možnosti investovania na trhu drahých kovov  |b bakalárska práca  |c Mária Kajanová ; školiteľ: Jaroslav Hudcovský 
264 1 |a Bratislava  |c 2016 
300 |a 51 s. 
100 1 |a Kajanová, Mária 
700 1 |a Hudcovský, Jaroslav 
710 2 |a Národohospodárska fakulta EU. Katedra bankovníctva a medzinárodných financií